000 00564nam a2200181 i 4500
001 90541
003 ES-MaACL
005 20230906180456.0
007 t|
008 050121s1980 sp ||||1| spa d
100 1 _aLe Guin, Ursula Kroeler.
_970890
245 1 3 _aLa mano izquierda de la oscuridad /
_cUrsula K. Le Guin ; [traducción de Francisco Abelanda].
260 _a[Barcelona] :
_bMinotauro,
_c[1980]
300 _a272 p. ;
_c19 cm.
700 1 _aAbelenda, Francisco,
_d1922-2014
_918042
852 _aES-MaACL
_jL-2913
_bR.103890
999 _c90541
_d90541